000 00716nam a22002057a 4500
999 _c20739
_d20739
003 AR-CdUCM
008 190604b ||||| |||| 00| 0 spa d
040 _aMUNICIPALIDAD PROVINCIAL DEL CUSCO
_cBIBLIOTECA MUNICIPAL DEL CUSCO
082 _a183 /
_bC23
100 _aCancela, Arturo
_943311
245 _aPalabras Socráticas a los estudiantes /
260 _aBuenos Aires :
_bArgentina
_c1928.
300 _a170 páginas ;
_bIlustraciones,
_c17 cm
500 _a[libro reempastado]
505 _aContenido: Sócrates -- Carta abierta al general Justo -- Palabras socráticas a los estudiantes...
650 _aSócrates
_99985
650 _aDiálogo en Ginebra
_943312
942 _2ddc
_cLIBROS
945 _aAndy